<?xml version="1.0" encoding="UTF-8"?>
<collection xmlns="http://www.loc.gov/MARC21/slim">
    <record>
        <controlfield tag="001">76019</controlfield>
        <controlfield tag="005">20190709135428.0</controlfield>
        <datafield tag="024" ind1="7" ind2=" ">
            <subfield code="2">doi</subfield>
            <subfield code="a">10.1016/j.anpedi.2016.09.011</subfield>
        </datafield>
        <datafield tag="024" ind1="8" ind2=" ">
            <subfield code="2">sideral</subfield>
            <subfield code="a">99030</subfield>
        </datafield>
        <datafield tag="037" ind1=" " ind2=" ">
            <subfield code="a">ART-2017-99030</subfield>
        </datafield>
        <datafield tag="041" ind1=" " ind2=" ">
            <subfield code="a">spa</subfield>
        </datafield>
        <datafield tag="100" ind1=" " ind2=" ">
            <subfield code="a">Di Giovambattista, A.P.</subfield>
        </datafield>
        <datafield tag="245" ind1=" " ind2=" ">
            <subfield code="a">Hipoplasia pontocerebelosa tipo I familiar con mutación en EXOSC3</subfield>
        </datafield>
        <datafield tag="260" ind1=" " ind2=" ">
            <subfield code="c">2017</subfield>
        </datafield>
        <datafield tag="506" ind1="0" ind2=" ">
            <subfield code="a">Access copy available to the general public</subfield>
            <subfield code="f">Unrestricted</subfield>
        </datafield>
        <datafield tag="520" ind1="3" ind2=" ">
            <subfield code="a">Sra. Editora:   
Las hipoplasias pontocerebelosas (HPC) son un grupo heterogéneo de trastornos neurodegenerativos raros con herencia autosómica recesiva, caracterizados por hipoplasia de cerebelo y protuberancia, asociada a microcefalia progresiva. Actualmente se conocen 10 subtipos (HPC1-10) cuya incidencia individual es desconocida, y en las que la correlación genotipo-fenotipo es todavía objeto de estudio. La HPC1, la más prevalente, presenta la peculiaridad de asociar una degeneración de las neuronas del asta anterior de la médula, dando lugar a una clínica superponible a una atrofia muscular espinal tipo I, y que incluye hipotonía grave y dificultades importantes para la alimentación. En este trabajo presentamos el caso de 2 hermanos de progenitores sanos no consanguíneos, de origen rumano, afectados por HPC tipo 1B asociada a mutación en el gen EXOSC. No constataban antecedentes familiares de interés...</subfield>
        </datafield>
        <datafield tag="540" ind1=" " ind2=" ">
            <subfield code="9">info:eu-repo/semantics/openAccess</subfield>
            <subfield code="a">by-nc-nd</subfield>
            <subfield code="u">http://creativecommons.org/licenses/by-nc-nd/3.0/es/</subfield>
        </datafield>
        <datafield tag="590" ind1=" " ind2=" ">
            <subfield code="a">1.318</subfield>
            <subfield code="b">2017</subfield>
        </datafield>
        <datafield tag="591" ind1=" " ind2=" ">
            <subfield code="a">PEDIATRICS</subfield>
            <subfield code="b">83 / 124 = 0.669</subfield>
            <subfield code="c">2017</subfield>
            <subfield code="d">Q3</subfield>
            <subfield code="e">T3</subfield>
        </datafield>
        <datafield tag="592" ind1=" " ind2=" ">
            <subfield code="a">0.277</subfield>
            <subfield code="b">2017</subfield>
        </datafield>
        <datafield tag="593" ind1=" " ind2=" ">
            <subfield code="a">Pediatrics, Perinatology and Child Health</subfield>
            <subfield code="c">2017</subfield>
            <subfield code="d">Q3</subfield>
        </datafield>
        <datafield tag="655" ind1=" " ind2="4">
            <subfield code="a">info:eu-repo/semantics/other</subfield>
            <subfield code="v">info:eu-repo/semantics/acceptedVersion</subfield>
        </datafield>
        <datafield tag="700" ind1=" " ind2=" ">
            <subfield code="a">Jácome Querejeta, I.</subfield>
        </datafield>
        <datafield tag="700" ind1=" " ind2=" ">
            <subfield code="0">(orcid)0000-0001-9404-1126</subfield>
            <subfield code="a">Ventura Faci, P.</subfield>
            <subfield code="u">Universidad de Zaragoza</subfield>
        </datafield>
        <datafield tag="700" ind1=" " ind2=" ">
            <subfield code="0">(orcid)0000-0002-7985-9912</subfield>
            <subfield code="a">Rodríguez Martínez, G.</subfield>
            <subfield code="u">Universidad de Zaragoza</subfield>
        </datafield>
        <datafield tag="700" ind1=" " ind2=" ">
            <subfield code="0">(orcid)0000-0002-5732-2209</subfield>
            <subfield code="a">Ramos Fuentes, F.</subfield>
            <subfield code="u">Universidad de Zaragoza</subfield>
        </datafield>
        <datafield tag="710" ind1="2" ind2=" ">
            <subfield code="1">1010</subfield>
            <subfield code="2">670</subfield>
            <subfield code="a">Universidad de Zaragoza</subfield>
            <subfield code="b">Dpto. Pediatría Radiol.Med.Fís</subfield>
            <subfield code="c">Área Pediatría</subfield>
        </datafield>
        <datafield tag="773" ind1=" " ind2=" ">
            <subfield code="g">86, 5 (2017), 284-286</subfield>
            <subfield code="p">An. pediatr.</subfield>
            <subfield code="t">Anales de Pediatria</subfield>
            <subfield code="x">1695-4033</subfield>
        </datafield>
        <datafield tag="856" ind1="4" ind2=" ">
            <subfield code="s">271295</subfield>
            <subfield code="u">http://zaguan.unizar.es/record/76019/files/texto_completo.pdf</subfield>
            <subfield code="y">Postprint</subfield>
        </datafield>
        <datafield tag="856" ind1="4" ind2=" ">
            <subfield code="s">13983</subfield>
            <subfield code="u">http://zaguan.unizar.es/record/76019/files/texto_completo.jpg?subformat=icon</subfield>
            <subfield code="x">icon</subfield>
            <subfield code="y">Postprint</subfield>
        </datafield>
        <datafield tag="909" ind1="C" ind2="O">
            <subfield code="o">oai:zaguan.unizar.es:76019</subfield>
            <subfield code="p">articulos</subfield>
            <subfield code="p">driver</subfield>
        </datafield>
        <datafield tag="951" ind1=" " ind2=" ">
            <subfield code="a">2019-07-09-11:30:46</subfield>
        </datafield>
        <datafield tag="980" ind1=" " ind2=" ">
            <subfield code="a">ARTICLE</subfield>
        </datafield>
    </record>

    
</collection>